गति और रेखा : (Record no. 115255)

MARC details
000 -LEADER
fixed length control field 01157nam a22002537a 4500
005 - DATE AND TIME OF LATEST TRANSACTION
control field 20170124103021.0
010 ## - LIBRARY OF CONGRESS CONTROL NUMBER
LC control number A-358514
020 ## - INTERNATIONAL STANDARD BOOK NUMBER
Terms of availability 00.00
035 ## - SYSTEM CONTROL NUMBER
System control number A-358514
037 ## - SOURCE OF ACQUISITION
Source of stock number/acquisition Cen Lib/Ret
040 ## - CATALOGING SOURCE
Original cataloging agency DPL
Language of cataloging HN
082 ## - DEWEY DECIMAL CLASSIFICATION NUMBER
Classification number 824.08
Item number गतिऔ
245 ## - TITLE STATEMENT
Title गति और रेखा :
Statement of responsibility, etc सम्पादक विद्या निवास मिश्र
Remainder of title यात्रा, रेखाचित्र एवं संस्मरण /
246 ## - VARYING FORM OF TITLE
Title proper/short title Gati aur rekha : yatra , rekhachitra evam sansmaran
Remainder of title sampadak Vidya Nivas Mishar
260 ## - PUBLICATION, DISTRIBUTION, ETC. (IMPRINT)
Place of publication, distribution, etc दिल्ली
Name of publisher, distributor, etc नेशनल बुक ट्रस्ट
Date of publication, distribution, etc 1987
270 ## - ADDRESS
Address ए -5,ग्रीन पार्क
City दिल्ली
Postal code 110016
300 ## - PHYSICAL DESCRIPTION
Extent xi,132पृष्ठ.
Dimensions 20सेमी(सजिल्द)
650 ## - SUBJECT ADDED ENTRY--TOPICAL TERM
Topical term or geographic name as entry element हिंदी साहित्य
9 (RLIN) 60602
650 ## - SUBJECT ADDED ENTRY--TOPICAL TERM
Topical term or geographic name as entry element हिंदी ललित निबंध
9 (RLIN) 2437
650 ## - SUBJECT ADDED ENTRY--TOPICAL TERM
Topical term or geographic name as entry element Hindi literature
9 (RLIN) 60603
650 ## - SUBJECT ADDED ENTRY--TOPICAL TERM
Topical term or geographic name as entry element Hindi lyric essay
9 (RLIN) 60604
700 ## - ADDED ENTRY--PERSONAL NAME
Personal name मिश्र, विद्या निवास
9 (RLIN) 6739
942 ## - ADDED ENTRY ELEMENTS (KOHA)
Source of classification or shelving scheme Dewey Decimal Classification
Koha item type Hindi Books
Classification part 824.08
Call number suffix गतिऔ
Holdings
Withdrawn status Lost status Damaged status Not for loan Home library Current library Date acquired Source of acquisition Cost, normal purchase price Total Checkouts Full call number Barcode Date last seen Copy number Cost, replacement price Price effective from Koha item type
        Central Library Central Library 19/08/2015 Cen Lib/Ret 0.00   824.08 गतिऔ A-358514 19/08/2015 1 0.00 19/08/2015 Hindi Books

© Delhi Public Library
Hit Counter
free hit counter